Страны, в которых НЕТ TikTok - Statistics

General Stats
  • This quiz has been taken 47 times
  • The average score is 7 of 14
Answer Stats
Страна % Correct
Корейская Народно-Демократическая Республика
93%
Россия
81%
Китай
79%
Иран
69%
Афганистан
60%
Сирия
60%
Индия
52%
Сомали
50%
Туркменистан
45%
Непал
40%
Иордания
38%
Йемен
33%
Кыргызстан
24%
Сенегал
17%
No matching quizzes found
Score Distribution
Percent of People with Each Score
Percentile by Number Answered
Your Score History
You have not taken this quiz